00484 2200181 4500001002100000005001500021035002000036245005100056100001900107260004400126300002500170020002200195084001400217082000800231650001000239008004100249990001200290INLIS00000000000270620251007091332 a0010-09250000531 aPanduan Memasuki Dunia Kerja /cDjoko Purwanto aDjoko Purwanto aJakarta :bEsensi Erlangga Group,c2016 a74 ;c(14,5 x 21 cm) a978-602-6847-02-7 a600 DJO p a600 4aFiksi251007 0  a0754908